[Event "Samara Polugaevsky Memorial 7th"]
[Site "Samara"]
[Date "2017.07.15"]
[Round "8"]
[White "Dzhangobegov, Vladimir"]
[Black "Pogorelskikh, Sofia"]
[Result "1-0"]
[WhiteElo "2296"]
[BlackElo "2029"]
[PlyCount "71"]
[EventDate "2017.07.08"]
[EventType "swiss"]
[EventRounds "9"]
[EventCountry "RUS"]
[SourceTitle "EXT 2018"]
[Source "ChessBase"]
[SourceDate "2017.10.13"]
[SourceVersion "1"]
[SourceVersionDate "2017.10.13"]
[SourceQuality "1"]

1. e4 c5 2. Nc3 d6 3. f4 g6 4. Nf3 Bg7 5. Bb5+ Bd7 6. Bxd7+ Qxd7 7. 0-0 Nc6 8. d3 e6 9. f5 0-0-0 10. Bg5 Re8 11. fxe6 fxe6 12. Bd2 Nge7 13. a3 Kb8 14. Rb1 Rhf8 15. b4 cxb4 16. axb4 Nd4 17. Nxd4 Bxd4+ 18. Kh1 Nc6 19. Nb5 Bb6 20. Bf4 Ne5 21. c4 g5 22. Bg3 Ka8 23. Qe2 a6 24. Na3 Nc6 25. b5 Nd4 26. Qa2 a5 27. Qd2 h6 28. c5 Nb3 29. Qd1 Nxc5 30. Nc4 Bc7 31. Rxf8 Rxf8 32. Bxd6 Nxd3 33. Qxd3 b6 34. e5 Ka7 35. Nxa5 Bxd6 36. Nc6+ 1-0

[Event "Samara Polugaevsky Memorial 7th"]
[Site "Samara"]
[Date "2017.07.13"]
[Round "6"]
[White "Dzhangobegov, Vladimir"]
[Black "Kozionov, Kirill"]
[Result "0-1"]
[WhiteElo "2296"]
[BlackElo "2403"]
[PlyCount "58"]
[EventDate "2017.07.08"]
[EventType "swiss"]
[EventRounds "9"]
[EventCountry "RUS"]
[SourceTitle "EXT 2018"]
[Source "ChessBase"]
[SourceDate "2017.10.13"]
[SourceVersion "1"]
[SourceVersionDate "2017.10.13"]
[SourceQuality "1"]

1. e4 e5 2. Bc4 Nc6 3. Nc3 Nf6 4. d3 Na5 5. Nge2 Bc5 6. 0-0 0-0 7. Bg5 Nxc4 8. dxc4 h6 9. Bh4 g5 10. Bg3 d6 11. Qd3 Bd7 12. Kh1 Nh5 13. Rad1 Nf4 14. Bxf4 gxf4 15. g3 f5 16. gxf4 exf4 17. Nxf4 Kh7 18. e5 Rg8 19. Ncd5 dxe5 20. Nh5 Kh8 21. Qc3 Bd6 22. f4 Qh4 23. Nhf6 Rg7 24. fxe5 Bc5 25. b4 Rag8 26. e6 Rg3 27. Qe5 Bd6 28. Rd4 Qh3 29. Qe2 Rg2 0-1

[Event "Samara Polugaevsky Memorial 7th"]
[Site "Samara"]
[Date "2017.07.11"]
[Round "4"]
[White "Dzhangobegov, Vladimir"]
[Black "Shinkevich, Vitaly"]
[Result "1/2-1/2"]
[WhiteElo "2296"]
[BlackElo "2467"]
[PlyCount "65"]
[EventDate "2017.07.08"]
[EventType "swiss"]
[EventRounds "9"]
[EventCountry "RUS"]
[SourceTitle "EXT 2018"]
[Source "ChessBase"]
[SourceDate "2017.10.13"]
[SourceVersion "1"]
[SourceVersionDate "2017.10.13"]
[SourceQuality "1"]

1. e4 c5 2. Nc3 Nc6 3. f4 e6 4. Bb5 Nge7 5. Nf3 d5 6. 0-0 a6 7. Bxc6+ Nxc6 8. d3 Be7 9. Kh1 0-0 10. Ne5 Nd4 11. Ne2 f6 12. Nxd4 fxe5 13. Ne2 b5 14. fxe5 dxe4 15. Rxf8+ Qxf8 16. dxe4 Bb7 17. Ng3 Qf2 18. Be3 Qf7 19. Qd7 Bh4 20. Qxf7+ Kxf7 21. Rd1 Bxg3 22. Rd7+ Kg6 23. hxg3 Bxe4 24. c3 Bd5 25. Bxc5 Bxa2 26. Bd6 h5 27. Kg1 Bd5 28. Kf2 Kh6 29. Rf7 Kg6 30. Rc7 Kh6 31. Rf7 Kg6 32. Rc7 Kh6 33. Rf7 1/2-1/2

[Event "RUS-ch rapid"]
[Site "Sochi"]
[Date "2016.10.02"]
[Round "5"]
[White "Dzhangobegov, Vladimir"]
[Black "Timofeev, Artyom"]
[Result "1/2-1/2"]
[WhiteElo "2296"]
[BlackElo "2601"]
[PlyCount "127"]
[EventDate "2016.10.02"]
[EventType "swiss (rapid)"]
[EventRounds "10"]
[EventCountry "RUS"]
[SourceTitle "CBM 174 Extra"]
[Source "ChessBase"]
[SourceDate "2016.10.10"]
[SourceVersion "1"]
[SourceVersionDate "2016.10.10"]
[SourceQuality "1"]

1. e4 c5 2. Nf3 Nc6 3. Bb5 e6 4. Bxc6 bxc6 5. b3 Ne7 6. 0-0 Ng6 7. e5 f6 8. Bb2 Be7 9. Na3 fxe5 10. Nxe5 Nxe5 11. Bxe5 0-0 12. Qg4 Rf7 13. Nc4 d6 14. Bg3 e5 15. Qe2 Bf5 16. d3 Bf6 17. Rae1 g5 18. Qd2 h5 19. f3 Kh7 20. c3 Bg6 21. Bf2 Qf8 22. d4 Rd8 23. d5 cxd5 24. Qxd5 Rfd7 25. Nd2 Qf7 26. Ne4 Be7 27. c4 Qxd5 28. cxd5 Bf7 29. Rd1 a5 30. Rd2 Ra8 31. Be3 Kg6 32. Nc3 Rb7 33. Rc1 Be8 34. Ne4 a4 35. Rc3 g4 36. fxg4 hxg4 37. h3 Rb4 38. Rc4 axb3 39. Rxb4 cxb4 40. axb3 Ra1+ 41. Kh2 Rb1 42. hxg4 Rxb3 43. Bb6 Ra3 44. Bc7 b3 45. Bxd6 Bxd6 46. Nxd6 Ra2 47. Rd3 Ba4 48. Nc4 b2 49. Nd2 Ra1 50. d6 Rd1 51. d7 Bxd7 52. Rd6+ Kf7 53. Rxd7+ Ke6 54. Rb7 Rxd2 55. Kg3 e4 56. Kf4 Re2 57. g5 Kd5 58. g4 Rf2+ 59. Ke3 Rg2 60. g6 Ke5 61. g5 Rg3+ 62. Kf2 Rxg5 63. Rxb2 Rxg6 64. Rb8 1/2-1/2

[Event "Samara Polugaevsky Memorial 6th"]
[Site "Samara"]
[Date "2016.07.10"]
[Round "8"]
[White "Lysenko, Margarita"]
[Black "Dzhangobegov, Vladimir"]
[Result "0-1"]
[WhiteElo "2055"]
[BlackElo "2264"]
[PlyCount "66"]
[EventDate "2016.07.03"]
[EventType "swiss"]
[EventRounds "9"]
[EventCountry "RUS"]
[SourceTitle "EXT 2019"]
[Source "ChessBase"]
[SourceDate "2018.10.10"]
[SourceVersion "1"]
[SourceVersionDate "2018.10.10"]
[SourceQuality "1"]

1. d4 Nf6 2. c4 g6 3. Nc3 Bg7 4. e4 d6 5. Be2 0-0 6. Bg5 h6 7. Bh4 Nc6 8. d5 Nb4 9. a3 Na6 10. Nf3 Nc5 11. Nd2 e5 12. f3 a5 13. g4 Qe8 14. Nb3 Nxb3 15. Qxb3 Nd7 16. Nb5 Nc5 17. Qc2 Qd7 18. 0-0-0 a4 19. Bf2 Nb3+ 20. Kb1 Qe7 21. h4 Rd8 22. Bd3 c5 23. Qe2 Bd7 24. Bc2 Nd4 25. Nxd4 exd4 26. Bd3 Rab8 27. Bg3 b5 28. cxb5 Rb6 29. f4 Rdb8 30. e5 Bxb5 31. Bxb5 Rxb5 32. Rd2 Qb7 33. Qg2 c4 0-1

[Event "Samara Polugaevsky Memorial 6th"]
[Site "Samara"]
[Date "2016.07.05"]
[Round "3"]
[White "Dzhangobegov, Vladimir"]
[Black "Martynyuk, Elizaveta"]
[Result "1-0"]
[WhiteElo "2264"]
[BlackElo "2045"]
[PlyCount "147"]
[EventDate "2016.07.03"]
[EventType "swiss"]
[EventRounds "9"]
[EventCountry "RUS"]
[SourceTitle "EXT 2019"]
[Source "ChessBase"]
[SourceDate "2018.10.10"]
[SourceVersion "1"]
[SourceVersionDate "2018.10.10"]
[SourceQuality "1"]

1. e4 c5 2. Nf3 Nc6 3. Bb5 d6 4. 0-0 Bg4 5. h3 Bd7 6. c3 Nf6 7. Re1 a6 8. Ba4 b5 9. Bc2 e5 10. a4 Be7 11. axb5 axb5 12. Rxa8 Qxa8 13. Na3 Qb7 14. Qe2 b4 15. Nc4 0-0 16. Ba4 Ra8 17. Bxc6 Bxc6 18. d3 bxc3 19. bxc3 Nd7 20. Ne3 Nb6 21. Nf5 Bf8 22. c4 Ra6 23. Be3 Qa7 24. Rb1 Ra2 25. Rb2 Ra3 26. Kh2 Na4 27. Ra2 Nc3 28. Rxa3 Qxa3 29. Qd2 Ba4 30. Ne1 Qb3 31. h4 Qb4 32. h5 Nd1 33. Qe2 Nxe3 34. Qxe3 g6 35. Ng3 Bd1 36. Nf3 Qc3 37. Ne2 Qc2 38. Ng3 Be7 39. Ne1 Qc3 40. Nf3 Bc2 41. Ne1 Bb1 42. Nf1 Bd8 43. Nd2 Ba2 44. Nef3 Kg7 45. h6+ Kg8 46. Ng5 Qc1 47. Qh3 f5 48. Ngf3 Ba5 49. Qh4 Kf7 50. Ng5+ Kg8 51. Ngf3 Kf7 52. Ng5+ Kg8 53. Ngf3 Kf7 54. Ng5+ Kg8 55. Ngf3 Kf7 56. Qg5 f4 57. Qg4 Ke7 58. Ng5 Qxd2 59. Qe6+ Kd8 60. Qxd6+ Kc8 61. Qa6+ Kb8 62. Qb5+ Ka7 63. Qd7+ Ka6 64. Qc8+ Ka7 65. Qd7+ Ka6 66. Qxh7 Qxf2 67. Qxg6+ Bb6 68. Nf3 Qg3+ 69. Qxg3 fxg3+ 70. Kxg3 Bd8 71. Kg4 Bf6 72. Kf5 Bh8 73. Nh4 Bb1 74. Ng6 1-0

[Event "Samara Polugaevsky Memorial 6th"]
[Site "Samara"]
[Date "2016.07.04"]
[Round "2"]
[White "Kozionov, Kirill"]
[Black "Dzhangobegov, Vladimir"]
[Result "1-0"]
[WhiteElo "2440"]
[BlackElo "2264"]
[PlyCount "67"]
[EventDate "2016.07.03"]
[EventType "swiss"]
[EventRounds "9"]
[EventCountry "RUS"]
[SourceTitle "EXT 2019"]
[Source "ChessBase"]
[SourceDate "2018.10.10"]
[SourceVersion "1"]
[SourceVersionDate "2018.10.10"]
[SourceQuality "1"]

1. b3 e5 2. Bb2 Nc6 3. e3 g6 4. f4 Bg7 5. Nf3 d6 6. Bb5 Nge7 7. fxe5 0-0 8. 0-0 Bg4 9. Qe1 Bxf3 10. gxf3 Nxe5 11. Nc3 a6 12. Be2 d5 13. Nd1 Nf5 14. f4 Nc6 15. Bxg7 Kxg7 16. c3 Re8 17. Qf2 Qf6 18. Bf3 Rad8 19. Rc1 Qe7 20. Rc2 b5 21. Nb2 Qd6 22. b4 Nb8 23. Nd3 Nd7 24. Bg4 Qf6 25. Ne1 h5 26. Bh3 Nb6 27. Nf3 Nc4 28. Rcc1 Nfd6 29. Rfe1 Ne4 30. Qg2 Ned6 31. Kh1 Nf5 32. Qf2 Nh6 33. Rg1 Nf5 34. Rcf1 1-0

[Event "Samara Polugaevsky Memorial 6th"]
[Site "Samara"]
[Date "2016.07.03"]
[Round "1"]
[White "Dzhangobegov, Vladimir"]
[Black "Pogorelskikh, Sofia"]
[Result "1-0"]
[WhiteElo "2264"]
[BlackElo "1721"]
[PlyCount "45"]
[EventDate "2016.07.03"]
[EventType "swiss"]
[EventRounds "9"]
[EventCountry "RUS"]
[SourceTitle "EXT 2019"]
[Source "ChessBase"]
[SourceDate "2018.10.10"]
[SourceVersion "1"]
[SourceVersionDate "2018.10.10"]
[SourceQuality "1"]

1. d4 Nf6 2. Bg5 Ne4 3. Bf4 g6 4. f3 Nf6 5. e4 Bg7 6. Nc3 d6 7. Qd2 0-0 8. 0-0-0 c6 9. Bh6 Qa5 10. Kb1 Nbd7 11. h4 b5 12. h5 Re8 13. hxg6 fxg6 14. Bxg7 Kxg7 15. Qh6+ Kg8 16. e5 dxe5 17. Bd3 Nf8 18. dxe5 Nh5 19. Rxh5 gxh5 20. Nh3 b4 21. Ng5 Be6 22. Bxh7+ Nxh7 23. Qg6+ 1-0

[Event "Nezhmetdinov Memorial 38th"]
[Site "Kazan"]
[Date "2016.06.04"]
[Round "5"]
[White "Elkin, Leonid"]
[Black "Dzhangobegov, Vladimir"]
[Result "1/2-1/2"]
[WhiteElo "2055"]
[BlackElo "2315"]
[PlyCount "81"]
[EventDate "2016.05.31"]
[EventType "swiss"]
[EventRounds "9"]
[EventCountry "RUS"]
[SourceTitle "CBM 172 Extra"]
[Source "ChessBase"]
[SourceDate "2016.06.21"]
[SourceVersion "1"]
[SourceVersionDate "2016.06.21"]
[SourceQuality "1"]

1. d4 e6 2. e4 d5 3. Nd2 c5 4. exd5 exd5 5. Ngf3 Nf6 6. Bb5+ Bd7 7. Bxd7+ Nbxd7 8. 0-0 Be7 9. dxc5 Nxc5 10. Nb3 Nce4 11. Nfd4 0-0 12. Nf5 Re8 13. Nxe7+ Rxe7 14. Bf4 h6 15. c3 Qd7 16. Nd4 Rae8 17. f3 Nc5 18. Bg3 Nh5 19. Qd2 Nxg3 20. hxg3 Re5 21. Rae1 Qe7 22. Rxe5 Qxe5 23. Qf4 Qxf4 24. gxf4 Nd3 25. g3 Nxb2 26. Rb1 Na4 27. Rxb7 Re1+ 28. Kf2 Ra1 29. Rxa7 Rxa2+ 30. Ke3 Nxc3 31. Rxa2 Nxa2 32. Nf5 Nb4 33. Kd4 h5 34. Kc5 Nc2 35. Kxd5 g6 36. Nh4 Ne3+ 37. Ke4 Nf1 38. g4 Nd2+ 39. Ke3 Nc4+ 40. Kd4 Nd2 41. Ke3 1/2-1/2

[Event "Cheboksary Sergievskiy Memorial Rapid"]
[Site "Cheboksary"]
[Date "2016.04.12"]
[Round "8"]
[White "Dzhangobegov, Vladimir"]
[Black "Alekseev, Evgeny V"]
[Result "0-1"]
[WhiteElo "2315"]
[BlackElo "2633"]
[PlyCount "60"]
[EventDate "2016.04.11"]
[EventType "swiss (rapid)"]
[EventRounds "11"]
[EventCountry "RUS"]
[SourceTitle "CBM 171 Extra"]
[Source "ChessBase"]
[SourceDate "2016.04.26"]
[SourceVersion "1"]
[SourceVersionDate "2016.04.26"]
[SourceQuality "1"]

1. e4 c5 2. Nf3 e6 3. Nc3 a6 4. d4 cxd4 5. Nxd4 Nc6 6. Be2 d6 7. 0-0 Nf6 8. Be3 Be7 9. f4 0-0 10. Qe1 Nxd4 11. Bxd4 b5 12. a3 Bb7 13. Qg3 g6 14. Bf3 Nd7 15. Rad1 Qc7 16. f5 Ne5 17. Be2 Bf6 18. Kh1 Qe7 19. Rf4 Kh8 20. fxe6 fxe6 21. Rdf1 Bg7 22. Rxf8+ Rxf8 23. Rxf8+ Qxf8 24. h4 Qf7 25. Qg5 Bf6 26. Qf4 Kg7 27. Be3 h5 28. Nd1 Be7 29. Qh6+ Kg8 30. Bg5 Bf8 0-1

[Event "Moscow op-A"]
[Site "Moscow"]
[Date "2016.02.01"]
[Round "3"]
[White "Dzhangobegov, Vladimir"]
[Black "Seliverstov, Vladimir"]
[Result "0-1"]
[WhiteElo "2314"]
[BlackElo "2449"]
[PlyCount "62"]
[EventDate "2016.01.30"]
[EventType "swiss"]
[EventRounds "9"]
[EventCountry "RUS"]
[SourceTitle "CBM 170 Extra"]
[Source "ChessBase"]
[SourceDate "2016.02.25"]
[SourceVersion "1"]
[SourceVersionDate "2016.02.25"]
[SourceQuality "1"]

1. e4 c5 2. Nc3 d6 3. f4 g6 4. Nf3 Bg7 5. Bc4 Nf6 6. 0-0 0-0 7. f5 gxf5 8. d3 fxe4 9. dxe4 Bg4 10. Qe1 Nc6 11. Qh4 Bxf3 12. Rxf3 Ne5 13. Rh3 Ng6 14. Qg3 Qd7 15. Bg5 Qg4 16. Rf1 Qxg3 17. Rxg3 Kh8 18. Rh3 Ng4 19. Ne2 N4e5 20. Bb3 c4 21. Ba4 b5 22. Bxb5 Rfb8 23. Ba4 Rxb2 24. Nd4 Rxa2 25. Bc6 Rb8 26. Bd5 e6 27. Nc6 Nxc6 28. Bxc6 Ne5 29. Bh6 Nxc6 30. Rxf7 Rb1+ 31. Kf2 Rxc2+ 0-1

[Event "EU-ch blitz"]
[Site "Minsk"]
[Date "2015.12.18"]
[Round "5.26"]
[White "Dzhangobegov, Vladimir"]
[Black "Landa, Konstantin"]
[Result "0-1"]
[WhiteElo "2314"]
[BlackElo "2625"]
[PlyCount "46"]
[EventDate "2015.12.18"]
[EventType "swiss (blitz)"]
[EventRounds "22"]
[EventCountry "BLR"]
[SourceTitle "EXT 2017"]
[Source "ChessBase"]
[SourceDate "2016.10.25"]
[SourceVersion "1"]
[SourceVersionDate "2016.10.25"]
[SourceQuality "1"]

1. e4 c5 2. Nc3 a6 3. Nf3 e6 4. d4 cxd4 5. Nxd4 b5 6. Bd3 Qb6 7. Nf3 Nc6 8. 0-0 Qb8 9. Re1 Bd6 10. Qe2 Ne5 11. Nxe5 Bxe5 12. g3 Bb7 13. a4 b4 14. Nd5 Nf6 15. Nb6 Ra7 16. Nc4 0-0 17. Be3 Ra8 18. Nxe5 Qxe5 19. b3 d5 20. f4 Qc3 21. Bd2 Qc5+ 22. Be3 Qc6 23. e5 d4 0-1

[Event "EU-ch blitz"]
[Site "Minsk"]
[Date "2015.12.18"]
[Round "6.26"]
[White "Landa, Konstantin"]
[Black "Dzhangobegov, Vladimir"]
[Result "1-0"]
[WhiteElo "2625"]
[BlackElo "2314"]
[PlyCount "49"]
[EventDate "2015.12.18"]
[EventType "swiss (blitz)"]
[EventRounds "22"]
[EventCountry "BLR"]
[SourceTitle "EXT 2017"]
[Source "ChessBase"]
[SourceDate "2016.10.25"]
[SourceVersion "1"]
[SourceVersionDate "2016.10.25"]
[SourceQuality "1"]

1. d4 Nf6 2. Nf3 g6 3. g3 Bg7 4. Bg2 0-0 5. 0-0 d5 6. Nbd2 a5 7. c4 c5 8. dxc5 Na6 9. cxd5 Qxd5 10. e4 Qxc5 11. Nb3 Qh5 12. e5 Ng4 13. Bf4 a4 14. Na5 Nc5 15. Nc4 Be6 16. Qe2 Rac8 17. Rac1 b5 18. Nb6 Rb8 19. Rxc5 Rxb6 20. h3 Nh6 21. g4 Bxg4 22. hxg4 Nxg4 23. Nh2 f5 24. exf6 Qxc5 25. fxe7 1-0

[Event "St Petersburg Summer rapid"]
[Site "St Petersburg"]
[Date "2013.09.01"]
[Round "5"]
[White "Dzhangobegov, Vladimir"]
[Black "Fedoseev, Vladimir1111"]
[Result "0-1"]
[WhiteElo "2331"]
[BlackElo "2532"]
[PlyCount "69"]
[EventDate "2013.08.31"]
[EventType "swiss (rapid)"]
[EventRounds "11"]
[EventCountry "RUS"]
[SourceTitle "CBM 156 Extra"]
[Source "ChessBase"]
[SourceDate "2013.10.22"]
[SourceVersion "1"]
[SourceVersionDate "2013.10.22"]
[SourceQuality "1"]

1. e4 c6 2. d4 d5 3. e5 Bf5 4. Nf3 e6 5. Be2 Nd7 6. 0-0 h6 7. Nbd2 Ne7 8. Nb3 Nc8 9. Ne1 a6 10. Bd3 Bxd3 11. Nxd3 Ne7 12. c3 Qc7 13. Nbc5 Nxc5 14. Nxc5 Nf5 15. g4 Nh4 16. Nd3 h5 17. h3 hxg4 18. hxg4 Be7 19. f4 0-0-0 20. Kf2 g5 21. fxg5 Rdg8 22. Rh1 Qd8 23. Bf4 Bxg5 24. Qd2 f6 25. Ke2 f5 26. gxf5 Bxf4 27. Qxf4 Rg2+ 28. Nf2 Nxf5 29. Rxh8 Qxh8 30. Kd3 Qh7 31. Kd2 Kd7 32. Rf1 Ng3 33. Re1 Ne4+ 34. Rxe4 dxe4 35. Ke1 0-1

[Event "Kaluga Tsiolkovsky Memorial op"]
[Site "Kaluga"]
[Date "2013.08.11"]
[Round "9"]
[White "Kaminnik, Ivan"]
[Black "Dzhangobegov, Vladimir"]
[Result "0-1"]
[WhiteElo "2142"]
[BlackElo "2378"]
[PlyCount "93"]
[EventDate "2013.08.03"]
[EventType "swiss"]
[EventRounds "9"]
[EventCountry "RUS"]
[SourceTitle "CBM 156 Extra"]
[Source "ChessBase"]
[SourceDate "2013.10.22"]
[SourceVersion "1"]
[SourceVersionDate "2013.10.22"]
[SourceQuality "1"]

1. d4 Nf6 2. c4 g6 3. Nc3 Bg7 4. e4 d6 5. f3 0-0 6. Be3 Nfd7 7. Qd2 c5 8. Nge2 Nc6 9. d5 Nce5 10. Nc1 a6 11. a4 Qa5 12. f4 Ng4 13. Bg1 b5 14. cxb5 Nb6 15. Ra3 e6 16. Nd1 Qxd2+ 17. Kxd2 exd5 18. a5 Nc4+ 19. Bxc4 dxc4 20. b6 Bb7 21. Nc3 Nf6 22. Bf2 Nxe4+ 23. Nxe4 Bxe4 24. Ra4 Bxg2 25. Re1 Rfe8 26. Rxc4 Rxe1 27. Bxe1 Bxb2 28. Nd3 Bd4 29. Bf2 Bxf2 30. Nxf2 f5 31. Nd1 Kf7 32. Ne3 Bb7 33. Rc1 Re8 34. Nc4 Re6 35. Re1 Ke7 36. h4 Re4 37. Re3 Kd7 38. Rxe4 fxe4 39. Ke3 Ke6 40. f5+ gxf5 41. Kf4 d5 42. Ne3 d4 43. Nxf5 e3 44. Ng3 c4 45. h5 c3 46. Ne2 Kd5 47. Nc1 0-1

[Event "Kaluga Tsiolkovsky Memorial op"]
[Site "Kaluga"]
[Date "2013.08.10"]
[Round "8"]
[White "Dzhangobegov, Vladimir"]
[Black "Sedykh, Egor"]
[Result "1-0"]
[WhiteElo "2378"]
[BlackElo "1845"]
[PlyCount "53"]
[EventDate "2013.08.03"]
[EventType "swiss"]
[EventRounds "9"]
[EventCountry "RUS"]
[SourceTitle "CBM 156 Extra"]
[Source "ChessBase"]
[SourceDate "2013.10.22"]
[SourceVersion "1"]
[SourceVersionDate "2013.10.22"]
[SourceQuality "1"]

1. e4 d5 2. exd5 Qxd5 3. Nc3 Qd6 4. d4 Nf6 5. Nf3 g6 6. Be2 Bg7 7. Ne5 c6 8. Bf4 Qd8 9. h4 Nbd7 10. h5 Nxe5 11. Bxe5 Rg8 12. hxg6 hxg6 13. g4 Qa5 14. Qd2 Nd5 15. Bxg7 Rxg7 16. Rh8+ Kd7 17. Qh6 Nxc3 18. Qxg7 Nxe2+ 19. Kxe2 Qb5+ 20. Kf3 Qxb2 21. Re1 Qc3+ 22. Re3 Qc4 23. Qf8 Qd5+ 24. Kg3 Kc7 25. Qxe7+ Kb6 26. Rb3+ Ka6 27. c4 1-0

[Event "Kaluga Tsiolkovsky Memorial op"]
[Site "Kaluga"]
[Date "2013.08.09"]
[Round "7"]
[White "Egorov, Pavel"]
[Black "Dzhangobegov, Vladimir"]
[Result "1/2-1/2"]
[WhiteElo "2086"]
[BlackElo "2378"]
[PlyCount "69"]
[EventDate "2013.08.03"]
[EventType "swiss"]
[EventRounds "9"]
[EventCountry "RUS"]
[SourceTitle "CBM 156 Extra"]
[Source "ChessBase"]
[SourceDate "2013.10.22"]
[SourceVersion "1"]
[SourceVersionDate "2013.10.22"]
[SourceQuality "1"]

1. d4 Nf6 2. Nf3 e6 3. c4 c5 4. Nc3 cxd4 5. Nxd4 a6 6. e4 Qc7 7. Be3 Bb4 8. Bd3 Nc6 9. Nxc6 Bxc3+ 10. bxc3 Qxc6 11. Bd4 d6 12. f4 Nxe4 13. Qg4 Nc5 14. Bxc5 Qxc5 15. Qxg7 Qe3+ 16. Be2 Rf8 17. Qd4 Qxd4 18. cxd4 Bd7 19. Rb1 Bc6 20. Bf3 Bxf3 21. gxf3 0-0-0 22. Kf2 Rd7 23. Ke3 Rc7 24. Kd3 Kb8 25. Rb6 Rd7 26. Rg1 f6 27. h4 e5 28. f5 Ka7 29. Rb2 Rc8 30. d5 Rdc7 31. Rb4 b5 32. Rg4 h5 33. Rg6 a5 34. Rxb5 Rxc4 35. Rxa5+ 1/2-1/2

[Event "Kaluga Tsiolkovsky Memorial op"]
[Site "Kaluga"]
[Date "2013.08.06"]
[Round "4"]
[White "Amonatov, Farrukh"]
[Black "Dzhangobegov, Vladimir"]
[Result "1-0"]
[WhiteElo "2616"]
[BlackElo "2378"]
[PlyCount "49"]
[EventDate "2013.08.03"]
[EventType "swiss"]
[EventRounds "9"]
[EventCountry "RUS"]
[SourceTitle "CBM 156 Extra"]
[Source "ChessBase"]
[SourceDate "2013.10.22"]
[SourceVersion "1"]
[SourceVersionDate "2013.10.22"]
[SourceQuality "1"]

1. e4 c5 2. Nf3 e6 3. d4 cxd4 4. Nxd4 Nf6 5. Nc3 d6 6. Be3 Be7 7. g4 Nc6 8. g5 Nd7 9. h4 0-0 10. Qh5 a6 11. 0-0-0 Nxd4 12. Bxd4 b5 13. f4 b4 14. Ne2 Qc7 15. Ng3 e5 16. Nf5 Nc5 17. Nxe7+ Qxe7 18. Bxc5 dxc5 19. f5 g6 20. Qh6 gxf5 21. Bc4 Kh8 22. h5 f6 23. g6 Qg7 24. Qxg7+ Kxg7 25. h6+ 1-0

[Event "Izhevsk Corporation Cup 5th"]
[Site "Izhevsk"]
[Date "2013.07.19"]
[Round "8"]
[White "Klepikov, Nikita"]
[Black "Dzhangobegov, Vladimir"]
[Result "0-1"]
[WhiteElo "2056"]
[BlackElo "2378"]
[PlyCount "38"]
[EventDate "2013.07.11"]
[EventType "swiss"]
[EventRounds "9"]
[EventCountry "RUS"]
[SourceTitle "EXT 2014"]
[Source "ChessBase"]
[SourceDate "2013.11.20"]
[SourceVersion "1"]
[SourceVersionDate "2013.11.20"]
[SourceQuality "1"]

1. e4 g6 2. d4 Bg7 3. Nc3 d6 4. Bg5 Nf6 5. e5 Nfd7 6. Nd5 f6 7. exf6 Nxf6 8. Bxf6 exf6 9. Bc4 c6 10. Qe2+ Kf7 11. Nxf6+ d5 12. Nxd5 cxd5 13. Qf3+ Bf6 14. Bxd5+ Kg7 15. 0-0-0 Nc6 16. Ne2 Rf8 17. g3 Nxd4 18. Qe3 Qxd5 19. Nxd4 Qxa2 0-1

[Event "Chigorin Memorial 20th"]
[Site "St Petersburg"]
[Date "2012.11.03"]
[Round "8"]
[White "Dzhangobegov, Vladimir"]
[Black "Golubov, Saveliy"]
[Result "0-1"]
[WhiteElo "2395"]
[BlackElo "2189"]
[PlyCount "136"]
[EventDate "2012.10.27"]
[EventType "swiss"]
[EventRounds "9"]
[EventCountry "RUS"]
[SourceTitle "EXT 2013"]
[Source "ChessBase"]
[SourceDate "2012.11.22"]
[SourceVersion "1"]
[SourceVersionDate "2012.11.22"]
[SourceQuality "1"]

1. e4 e6 2. d4 d5 3. Nc3 Bb4 4. exd5 exd5 5. Bd3 Nf6 6. Nge2 0-0 7. 0-0 Bg4 8. f3 Bh5 9. Bg5 c6 10. Nf4 Bg6 11. Nxg6 hxg6 12. Ne2 Nbd7 13. f4 Be7 14. Ng3 Ne8 15. Bxe7 Qxe7 16. f5 Qe3+ 17. Kh1 Qxd4 18. c3 Qe5 19. Qd2 Qd6 20. Rae1 Nc7 21. Qg5 f6 22. Qd2 g5 23. Be2 Rae8 24. Bh5 Rxe1 25. Qxe1 Ne5 26. Qe2 Nf7 27. Re1 Qd8 28. Qe7 Ne5 29. Qa3 Nb5 30. Qb3 Nd6 31. Qc2 Qd7 32. h3 Nc8 33. Ne2 c5 34. Ng1 Ne7 35. Rf1 Rc8 36. Ne2 Nc4 37. Rf3 Nc6 38. h4 N6e5 39. Rg3 gxh4 40. Rh3 Nd6 41. Rxh4 Qxf5 42. Qb3 Nd3 43. Bf3 c4 44. Qa3 Nf2+ 45. Kg1 Nfe4 46. Qxa7 Re8 47. Qd4 g5 48. Rh5 Qe5 49. Qd1 Nf5 50. g4 Ng7 51. Rh2 f5 52. Qd4 Nf6 53. Rh6 fxg4 54. Qxe5 Rxe5 55. Rxf6 gxf3 56. Nd4 g4 57. Rg6 Re4 58. Nf5 Kf7 59. Rxg7+ Kf6 60. Rxb7 Kxf5 61. a4 Kf4 62. Rf7+ Kg3 63. Kf1 Re2 64. a5 Rxb2 65. Ke1 Rb1+ 66. Kd2 f2 67. Ke2 Re1+ 68. Kd2 f1Q 0-1

[Event "Chigorin Memorial 20th"]
[Site "St Petersburg"]
[Date "2012.11.02"]
[Round "7"]
[White "Zhigalko, Andrey"]
[Black "Dzhangobegov, Vladimir"]
[Result "1-0"]
[WhiteElo "2582"]
[BlackElo "2395"]
[PlyCount "71"]
[EventDate "2012.10.27"]
[EventType "swiss"]
[EventRounds "9"]
[EventCountry "RUS"]
[SourceTitle "EXT 2013"]
[Source "ChessBase"]
[SourceDate "2012.11.22"]
[SourceVersion "1"]
[SourceVersionDate "2012.11.22"]
[SourceQuality "1"]

1. e4 c5 2. Nf3 d6 3. d4 cxd4 4. Nxd4 Nf6 5. Nc3 e6 6. Be3 Be7 7. g4 Nc6 8. g5 Nd7 9. h4 0-0 10. f4 Re8 11. Qd2 Nxd4 12. Qxd4 e5 13. Qd2 exf4 14. Bxf4 Ne5 15. 0-0-0 Qa5 16. Qd5 Qb6 17. Bh3 Bf8 18. Qb3 Qc6 19. h5 Nc4 20. Rd4 Bxh3 21. Rxh3 Rac8 22. a3 Qc5 23. Rhd3 Be7 24. Kb1 Ne5 25. Rd1 Nc6 26. Rd5 Qf2 27. Rf5 Nd4 28. Qxf7+ Kh8 29. h6 Qxc2+ 30. Ka2 Nxf5 31. exf5 Bf8 32. Rd2 Qc1 33. hxg7+ Bxg7 34. f6 Rg8 35. Rh2 Qxf4 36. Rxh7+ 1-0

[Event "Kostroma Volga Cup"]
[Site "Kostroma"]
[Date "2012.07.10"]
[Round "7"]
[White "Dzhangobegov, Vladimir"]
[Black "Moiseenko, Ilya"]
[Result "1-0"]
[WhiteElo "2360"]
[BlackElo "2242"]
[PlyCount "69"]
[EventDate "2012.07.04"]
[EventType "tourn"]
[EventRounds "9"]
[EventCountry "RUS"]
[EventCategory "3"]
[SourceTitle "EXT 2013"]
[Source "ChessBase"]
[SourceDate "2012.11.22"]
[SourceVersion "1"]
[SourceVersionDate "2012.11.22"]
[SourceQuality "1"]

1. e4 c5 2. Nf3 Nc6 3. Nc3 g6 4. d4 cxd4 5. Nxd4 Bg7 6. Be3 d6 7. Qd2 Nf6 8. f3 0-0 9. Bc4 a6 10. h4 Ne5 11. Bb3 h5 12. 0-0-0 b5 13. g4 Bb7 14. gxh5 Nxh5 15. Bh6 b4 16. Bxg7 Kxg7 17. Nce2 a5 18. Nf5+ gxf5 19. Rhg1+ Ng6 20. exf5 a4 21. Bc4 b3 22. fxg6 f6 23. Nd4 Bc8 24. Be6 f5 25. Qc3 Rf6 26. Nxf5+ Kf8 27. g7+ Nxg7 28. Nxg7 Qa5 29. Rxd6 bxa2 30. Qxa5 a1Q+ 31. Kd2 Qxg1 32. Qd8+ Kxg7 33. Qxe7+ Kg6 34. Bf7+ Kh7 35. Bg6+ 1-0